Jean-Luc Godard / (Record no. 72701)

MARC details
000 -LEADER
campo de control de longitud fija 00789nam a2200253 i 4500
001 - NÚMERO DE CONTROL
campo de control 72701
003 - IDENTIFICADOR DE NÚMERO DE CONTROL
campo de control ES-MaACL
005 - FECHA Y HORA DE LA ÚLTIMA TRANSACCIÓN
campo de control 20230906171527.0
007 - CAMPO FIJO DE DESCRIPCIÓN FÍSICA--INFORMACIÓN GENERAL
campo de control de longitud fija t|
008 - DATOS DE LONGITUD FIJA--INFORMACIÓN GENERAL
campo de control de longitud fija 040902s1981 sp ||||1| spa d
020 ## - NÚMERO INTERNACIONAL ESTÁNDAR DEL LIBRO
Número Internacional Estándar del Libro 84-85741-07-2
245 00 - MENCIÓN DEL TÍTULO
Título Jean-Luc Godard /
Mención de responsabilidad, etc. María Jesús Arévalo ... [et al.] ; prólogo, Juan Carlos Rentero.
260 ## - PUBLICACIÓN, DISTRIBUCIÓN, ETC.
Lugar de publicación, distribución, etc. [Madrid] :
Nombre del editor, distribuidor, etc. Ediciones JC,
Fecha de publicación, distribución, etc. [1981]
300 ## - DESCRIPCIÓN FÍSICA
Extensión 138 p., 4 lám. ;
Dimensiones 20 cm.
490 1# - MENCIÓN DE SERIE
Mención de serie Directores de cine ;
Designación de volumen o secuencia 5
504 ## - NOTA DE BIBLIOGRAFÍA, ETC.
Nota de bibliografía, etc. Bibliografía: p. 113-118.
504 ## - NOTA DE BIBLIOGRAFÍA, ETC.
Nota de bibliografía, etc. Filmografía: p. 119-138.
600 14 - PUNTO DE ACCESO ADICIONAL DE MATERIA--NOMBRE DE PERSONA
Nombre de persona Godard, Jean-Luc.
9 (RLIN) 57502
700 1# - ENTRADA AGREGADA--NOMBRE PERSONAL
Nombre de persona Rentero, Juan Carlos.
9 (RLIN) 96244
700 1# - ENTRADA AGREGADA--NOMBRE PERSONAL
Nombre de persona Arévalo, María Jesús.
9 (RLIN) 22659
830 1# - PUNTO DE ACCESO ADICIONAL DE SERIE-TÍTULO UNIFORME
Título uniforme Directores de cine ;
Designación de volumen o secuencia 5
9 (RLIN) 181872
852 ## - LOCALIZACIÓN
Ubicación ES-MaACL
Número de control de estantería L-6436
Holdings
Estatus retirado Estado de pérdida Estado de daño No para préstamo Biblioteca de origen Biblioteca actual Ubicación en estantería Fecha de adquisición Fuente de adquisición Total de préstamos Signatura topográfica completa Código de barras Visto por última vez Precio de reemplazo Tipo de ítem Koha
        Biblioteca del Ateneo de Madrid Biblioteca del Ateneo de Madrid Depósito 2 17/01/2008     L-6436 1076106 23/02/2023 23/02/2023 Libro impreso